World tariff profiles 2012.
| Corporate Author: | |
|---|---|
| Format: | Book |
| Published: |
Geneva:
WTO,
2012.
|
| Subjects: |
| LEADER | 00391cam a2200145 7i4500 | ||
|---|---|---|---|
| 001 | 0000029657 | ||
| 005 | 20130530090000.0 | ||
| 020 | 0 | 0 | |a 9789287038432 |
| 090 | 0 | 0 | |a T 382.7 |b WOR |
| 110 | 2 | 0 | |a The World Trade Organization (WTO) |
| 245 | 2 | 0 | |a World tariff profiles 2012. |
| 260 | 0 | 0 | |a Geneva: |b WTO, |c 2012. |
| 300 | # | # | |a 216 p. |
| 650 | 0 | 0 | |a Tariff |
| 999 | |a 0000032319 |b Book |c Tariffs |e Business Information Centre | ||


